00496nam a2200193 a 4500001001300000003000900013005001700022008004100039020002300080082001700103100001700120245003800137260003600175300000900211500003500220505001000255650002000265700001700285nice12345678IN_TiNIC20260116012836.0050524s1990 dela grp 000 0 eng  a8171696 c20000a954.022bPAN aPande, Rekha aSuccession in the Delhi Sultanate aDelhi bCommenwealth Pub c1990 a203p aincludes index and biblioraphy2 aIndex aDelhi Sultanate1 aPande, Rekha